Региональное приложение Якутия. Вып. 3, 2005; Горный информационно-аналитический бюллетень

Détails bibliographiques
Parent link:Горный информационно-аналитический бюллетень: (научно-технический журнал)/ Московский государственный горный университет (МГГУ). Региональное приложение Якутия. Вып. 3, 2005.— , 2005-
Autres auteurs: Пучков Л. А. Лев Александрович
Langue:russe
Publié: 2005
Sujets:
Format: Livre
KOHA link:https://koha.lib.tpu.ru/cgi-bin/koha/opac-detail.pl?biblionumber=92549

MARC

LEADER 00000nam2a2200000 4500
001 92549
005 20231031104716.0
035 |a (RuTPU)RU\TPU\book\99154 
035 |a RU\TPU\book\99148 
090 |a 92549 
100 |a 20060315d2005 k y0rusy50 ca 
101 0 |a rus 
102 |a RU 
105 |a a z 001zy 
200 0 |a Региональное приложение Якутия. Вып. 3, 2005  |f гл. ред. Л. А. Пучков 
210 |d 2005 
215 |a 310 с.  |c ил. 
320 |a Библиография в конце глав. 
461 1 |0 (RuTPU)RU\TPU\book\86561  |t Горный информационно-аналитический бюллетень  |o (научно-технический журнал)  |f Московский государственный горный университет (МГГУ)  |v Региональное приложение Якутия. Вып. 3, 2005  |d 2005- 
610 1 |a горное дело 
610 1 |a экономика 
610 1 |a управление 
610 1 |a современные горные технологии 
610 1 |a полезные ископаемые 
610 1 |a обогащение 
610 1 |a горное оборудование 
610 1 |a эксплуатация 
610 1 |a ремонт 
610 1 |a охрана труда 
610 1 |a промышленная безопасность 
675 |a 622  |v 3 
702 1 |a Пучков  |b Л. А.  |g Лев Александрович  |4 651 
801 1 |a RU  |b 63413507  |c 20040524  |g PSBO 
801 2 |a RU  |b 63413507  |c 20231009  |g PSBO 
942 |c BK